Basic mathematics for electronics / (Record no. 181096)

000 -LEADER
fixed length control field 01387 a2200229 4500
003 - CONTROL NUMBER IDENTIFIER
control field NUSt
005 - DATE AND TIME OF LATEST TRANSACTION
control field 20230705125829.0
010 ## - LIBRARY OF CONGRESS CONTROL NUMBER
LC control number 7198485
040 ## - CATALOGING SOURCE
Transcribing agency Nust
082 00 - DEWEY DECIMAL CLASSIFICATION NUMBER
Classification number 519,COO
100 ## - MAIN ENTRY--PERSONAL NAME
Personal name Cooke, Nelson M.
9 (RLIN) 113371
245 00 - TITLE STATEMENT
Title Basic mathematics for electronics /
Statement of responsibility, etc. Nelson M. Cooke ... [et al.].
260 ## - PUBLICATION, DISTRIBUTION, ETC.
Place of publication, distribution, etc. Merica
Name of publisher, distributor, etc. Mc Graw-Hill
Date of publication, distribution, etc. c1970
300 ## - PHYSICAL DESCRIPTION
Extent xi, 677 p. :
Other physical details ill. ;
Dimensions 25 cm.
505 ## - FORMATTED CONTENTS NOTE
Formatted contents note Chap#1 Introduction (Page 1), Alagebra.General numbers (Page-6), Algebra,addition and substraction (Page-14), Algebra,multiplication and division (Page-26), Equations (Page-43), Powers of ten (Page-60), Units and dimensions (Page-75), Ohm,s law,series circuits (Page-94), Resistance wire sizes (Page-115), Special products and factoring (Page-127), Algebraic functions (Page-147), Ohm,law parallel factors (Page-168), Meter circuits (Page-198), Graphs (Page-216), Determinants (Page-252), Batteries (Page-272), Quadratic equations (Page-297), Angles (Page-341), Periodic functions (Page-409), Graphical analysis (Page-591).
650 #0 - SUBJECT ADDED ENTRY--TOPICAL TERM
Topical term or geographic name entry element Electrical engineering
General subdivision Mathematics.
9 (RLIN) 55701
650 #0 - SUBJECT ADDED ENTRY--TOPICAL TERM
Topical term or geographic name entry element Electronics
General subdivision Mathematics.
9 (RLIN) 39051
700 1# - ADDED ENTRY--PERSONAL NAME
Personal name Cooke, Nelson Magor.
856 42 - ELECTRONIC LOCATION AND ACCESS
Materials specified Publisher description
Uniform Resource Identifier <a href="http://www.loc.gov/catdir/description/mh051/91020919.html">http://www.loc.gov/catdir/description/mh051/91020919.html</a>
856 42 - ELECTRONIC LOCATION AND ACCESS
Materials specified Table of contents
Uniform Resource Identifier <a href="http://www.loc.gov/catdir/toc/mh041/91020919.html">http://www.loc.gov/catdir/toc/mh041/91020919.html</a>
942 ## - ADDED ENTRY ELEMENTS (KOHA)
Source of classification or shelving scheme
Koha item type Book
Call number prefix 519,COO
Holdings
Withdrawn status Lost status Source of classification or shelving scheme Damaged status Not for loan Permanent Location Current Location Shelving location Date acquired Full call number Barcode Date last seen Price effective from Koha item type Public note
          Military College of Signals (MCS) Military College of Signals (MCS) General Stacks 12/12/2016 519,COO MCS7715 12/08/2016 12/12/2016 Book Almirah No.82, Shelf No.5
© 2023 Central Library, National University of Sciences and Technology. All Rights Reserved.